| 000 | 00455nam a22001937a 4500 | ||
|---|---|---|---|
| 003 | MPLRDC | ||
| 005 | 20220104113847.0 | ||
| 008 | 210129b ||||| |||| 00| 0 eng d | ||
| 020 | _a957-544-055-2 | ||
| 082 | _a848.2 ZMJ-2* | ||
| 100 | _a张曼娟著 | ||
| 245 |
_a笑拈梅花 _c |
||
| 250 | _a五十三刷 | ||
| 260 |
_a _b希代书版有限公司 _c1991 |
||
| 300 | _b平 | ||
| 490 | _a希代文丛;47 | ||
| 650 | _a | ||
| 942 |
_cBK _o848.2 ZMJ-2* |
||
| 999 |
_c2932 _d2922 |
||